[Event "Challenge"]
[Site "http://www.queenalice.com/game.php?id=292397"]
[Date "2007.10.24"]
[Round "-"]
[White "samuelrmgs"]
[Black "sd505almeida"]
[Result "1/2-1/2"]
[WhiteElo "1239"]
[BlackElo "1203"]

1. d4 e6 2. Be3 Nc6 3. Qd2 Nf6 4. Bg5 d5 5. Qf4 Bd6 6. Qh4 Be7 7. Nd2 Nxd4 8.
O-O-O b5 9. Nh3 h6 10. Bf4 g5 11. Nxg5 hxg5 12. Qxh8+ Bf8 13. Bd6 Qxd6 14. h4
gxh4 15. Rxh4 Qc5 16. e3 Nf5 17. Rh3 a5 18. Bxb5+ Qxb5 19. Qxf6 Rb8 20. Rh8
Qxb2+ 21. Qxb2 Rxb2 22. Kxb2 a4 23. a3 c5 24. Rdh1 c4 25. Rxf8+ Kxf8 26. Rh8+
Kg7 27. Rxc8 d4 28. Rxc4 Nh4 29. Rxa4 Nxg2 30. Rxd4 Kg6 31. f4 f5 32. e4 Nxf4
33. exf5+ Kxf5 34. Ne4 e5 35. Rd8 Kxe4 36. a4 Ke3 37. Rd1 e4 38. a5 Kf2 39. a6
e3 40. a7 e2 41. Re1 Kxe1 42. a8=Q Kd1 43. Qa6 e1=Q 44. Qa1+ Ke2 45. Qxe1+ Kxe1
46. c3 Ne6 47. c4 Ke2 48. Kb3 Kd3 49. c5 Nxc5+ 50. Kb4 Nb7 51. Kb5 Kc2 52. Kb6
Nd8 53. Kc7 Kd1 54. Kxd8 Ke2 55. Kd7 Ke3 56. Ke6 Ke4 57. Kf6 Kd5 58. Kf5 Kd6 59.
Kf6 Kc5 60. Ke5 Kc6 61. Ke6 Kb5 62. Kd5 Kb4 63. Kd4 Kb5 1/2-1/2

[Event "Challenge"]
[Site "http://www.queenalice.com/game.php?id=292529"]
[Date "2007.10.24"]
[Round "-"]
[White "dahora"]
[Black "sd505almeida"]
[Result "1-0"]
[WhiteElo "2061"]
[BlackElo "1122"]

1. d4 d5 2. c4 dxc4 3. Nc3 Nc6 4. Nf3 Bg4 5. e3 Bxf3 6. Qxf3 Na5 7. Bd2 Nf6 8.
Rc1 c6 9. Be2 e5 10. dxe5 Ba3 11. exf6 Bxb2 12. fxg7 Rg8 13. Rc2 Bxc3 14. Bxc3
h6 15. Qe4+ Qe7 16. Qh7 O-O-O 17. Bxa5 Qe5 18. Bg4+ Kb8 19. Bxd8 Rxd8 20. Rd2
Qa1+ 21. Bd1 Rxd2 22. g8=Q+ Kc7 23. Kxd2 Qb2+ 24. Bc2 c3+ 25. Kd1 Qa1+ 26. Ke2
Qxh1 27. Qgxf7+ Kb6 28. Qxb7+ Kc5 29. Qf5+ Kd6 30. Qbd7# 1-0

[Event "quer treinar +++++++?"]
[Site "http://www.queenalice.com/game.php?id=309048"]
[Date "2007.11.23"]
[Round "-"]
[White "mattbel"]
[Black "sd505almeida"]
[Result "1-0"]
[WhiteElo "1541"]
[BlackElo "1206"]

1. e4 e5 2. Nf3 Bb4 3. Nxe5 d6 4. Nc4 Nf6 5. a3 Bc5 6. Qe2 Qe7 7. e5 d5 8. Ne3
Qxe5 9. c3 Ne4 10. d4 Bxd4 11. cxd4 Qxd4 12. Nd2 Nxd2 13. Bxd2 Nc6 14. Nc2+ Qe4
15. Ne3 Qd4 16. Nxd5+ Kd7 17. Nf4 Qxb2 18. Rd1 Ne5 19. Bc3+ Nd3+ 20. Qxd3+ Kc6
21. Bxb2 Re8+ 22. Be2 Bg4 23. Rc1+ Kb6 24. Qb5# 1-0

[Event "Challenge"]
[Site "http://www.queenalice.com/game.php?id=311785"]
[Date "2007.11.28"]
[Round "-"]
[White "Alessandra"]
[Black "sd505almeida"]
[Result "1-0"]
[WhiteElo "1253"]
[BlackElo "1203"]

1. e4 e5 2. Nf3 Qf6 3. Bd3 Nc6 4. Nc3 Nh6 5. O-O Bc5 6. Nd5 Qe6 7. Nxc7+ Ke7 8.
Nxe6 Kxe6 9. Ng5+ Kf6 10. Nf3 Ng4 11. b3 Nb4 12. Bb2 Re8 13. Qe2 a5 14. Nh4 g5
15. Nf5 1-0

[Event "Pega leve hein Cabo!!"]
[Site "http://www.queenalice.com/game.php?id=311787"]
[Date "2007.11.28"]
[Round "-"]
[White "charlao"]
[Black "sd505almeida"]
[Result "1-0"]
[WhiteElo "1595"]
[BlackElo "1144"]

1. e4 e5 2. Nf3 Bc5 3. Nxe5 Nh6 4. d4 Bxd4 5. Qxd4 Qh4 6. Nc3 Nc6 7. Nxc6 bxc6
8. Qe5+ Kd8 9. Bg5+ f6 10. Bxh4 g5 11. Qxf6+ Ke8 12. Qxh8+ Kf7 13. Qxh7+ Ke6 14.
Qxh6+ Ke5 15. Bg3+ Kd4 16. O-O-O+ Kc5 17. Bxc7 a6 18. Qxg5+ Kb4 19. a3# 1-0

[Event "Challenge"]
[Site "http://www.queenalice.com/game.php?id=312638"]
[Date "2007.11.29"]
[Round "-"]
[White "BOBWINNER"]
[Black "sd505almeida"]
[Result "1-0"]
[WhiteElo "1857"]
[BlackElo "1262"]

1. e4 Nc6 2. Nc3 e6 3. d4 Nxd4 4. Qxd4 d5 5. exd5 c6 6. Qa4 exd5 7. Be3 Qf6 8.
Nxd5 Qxb2 9. Bd4 b5 10. Bxb5 Qxa1+ 11. Bxa1 cxb5 12. Qxb5+ Bd7 13. Nc7+ Kd8 14.
Qb7 Rc8 15. Nd5 Nh6 16. Qxa7 Ng4 17. Nf3 Bc5 18. Qa5+ Ke8 19. O-O f5 20. Bxg7
Rg8 21. Re1+ Kf7 22. Re7+ Kg6 23. Nf4# 1-0

[Event "Let's Play Chess!"]
[Site "http://www.queenalice.com/game.php?id=313239"]
[Date "2007.12.1"]
[Round "-"]
[White "BarnabyJockers"]
[Black "sd505almeida"]
[Result "1-0"]
[WhiteElo "1631"]
[BlackElo "1192"]

1. e4 Nc6 2. d4 Na5 3. c4 e5 4. d5 Bc5 5. Nf3 Nf6 6. Nc3 Ng4 7. Be3 Bxe3 8. fxe3
Nxe3 9. Qd2 Nexc4 10. Bxc4 Nxc4 11. Qe2 c6 12. Qxc4 h5 13. dxc6 bxc6 14. Nxe5 d6
15. Qxf7# 1-0

[Event "Challenge"]
[Site "http://www.queenalice.com/game.php?id=313268"]
[Date "2007.12.1"]
[Round "-"]
[White "Demig"]
[Black "sd505almeida"]
[Result "1-0"]
[WhiteElo "1138"]
[BlackElo "1240"]

1. Nc3 e6 2. d4 Nc6 3. e3 Qf6 4. Nf3 Nb4 5. Nb5 Kd8 6. c3 c6 7. cxb4 Bxb4+ 8.
Bd2 Bxd2+ 9. Qxd2 cxb5 10. Bxb5 e5 11. O-O a6 12. Ba4 b5 13. Qa5+ Ke7 14. Rac1
Bb7 15. Rc7 Bxf3 16. gxf3 Nh6 17. Rfc1 Qg6+ 18. Kf1 Qd3+ 19. Ke1 exd4 20. Qb6
dxe3 21. Qxe3+ Qxe3+ 22. fxe3 bxa4 23. b4 Rab8 24. R1c4 g5 25. Re4+ Kd6 26. Rec4
1-0

[Event "Outra meu peixe"]
[Site "http://www.queenalice.com/game.php?id=313270"]
[Date "2007.12.1"]
[Round "-"]
[White "charlao"]
[Black "sd505almeida"]
[Result "1-0"]
[WhiteElo "1575"]
[BlackElo "1170"]

1. e4 Nc6 2. Nc3 e6 3. Nf3 Qf6 4. d4 Nxd4 5. Nxd4 Bc5 6. Ncb5 c6 7. Nc7+ Kd8 8.
Nxa8 e5 9. Nf3 g5 10. Bxg5 Qe7 11. Bxe7+ Nxe7 12. Ng5 Rg8 13. Nxf7+ Ke8 14. Bc4
Rg6 15. Qh5 Rf6 16. Nc7+ Kf8 17. Qxh7 Bxf2+ 18. Ke2 b5 19. Qh8+ Ng8 20. Qh7 bxc4
21. Rhf1 c3 22. Rxf2 cxb2 23. Rxf6 bxa1=Q 24. Nh6+ Nxf6 25. Qf7# 1-0

[Event "Challenge"]
[Site "http://www.queenalice.com/game.php?id=313475"]
[Date "2007.12.1"]
[Round "-"]
[White "dida"]
[Black "sd505almeida"]
[Result "1-0"]
[WhiteElo "1343"]
[BlackElo "1189"]

1. e4 Nc6 2. c3 Na5 3. Nf3 d6 4. Ng5 h6 5. Nf3 Nc4 6. Bxc4 Be6 7. Bb5+ c6 8. Be2
d5 9. Nh4 dxe4 10. d4 g5 11. Ng6 fxg6 12. Be3 Nf6 13. Na3 Rc8 14. h3 g4 15. hxg4
b5 16. c4 bxc4 17. g5 hxg5 18. Rxh8 Nd5 19. Bxg5 Kd7 20. Bxc4 Rb8 21. Ba6 Nb4
22. Qe2 Nd3+ 23. Bxd3 exd3 24. Qd2 a5 25. Rh4 1-0

[Event "Challenge"]
[Site "http://www.queenalice.com/game.php?id=315077"]
[Date "2007.12.5"]
[Round "-"]
[White "alyne_gracyelle"]
[Black "sd505almeida"]
[Result "1-0"]
[WhiteElo "1551"]
[BlackElo "1179"]

1. e4 Nc6 2. d4 Na5 3. Nf3 e6 4. Bd3 Nf6 5. O-O Nh5 6. Ne5 Qe7 7. Qxh5 g6 8. Qf3
f6 9. Nc4 Nc6 10. c3 e5 11. d5 Nd8 12. Nba3 c6 13. Be3 cxd5 14. Nb5 Rb8 15.
Nbd6+ Qxd6 16. Nxd6+ Ke7 17. Nb5 1-0

[Event "Challenge"]
[Site "http://www.queenalice.com/game.php?id=316770"]
[Date "2007.12.7"]
[Round "-"]
[White "hk1960"]
[Black "sd505almeida"]
[Result "1-0"]
[WhiteElo "1194"]
[BlackElo "1220"]

1. d4 Nc6 2. d5 Na5 3. b4 Nc4 4. b5 c6 5. d6 Nxd6 6. Nc3 cxb5 7. Nd5 e6 8. Nf4
Ne4 9. f3 Nc3 10. Qd4 Qa5 11. a3 Nd5+ 12. Bd2 Qa6 13. e4 Nxf4 14. Bxf4 d5 15.
Bd3 dxe4 16. fxe4 Nf6 17. Ne2 Bxa3 18. O-O Rg8 19. e5 Nh5 20. Qc3 Nxf4 21. Rxa3
Qb6+ 22. Nd4 b4 23. Qb3 Qxd4+ 24. Rf2 a5 25. Ra4 Qxe5 26. g3 Nh3+ 27. Kg2 Qh5
28. Bb5+ Bd7 29. Bxd7+ Kxd7 30. Rxf7+ Qxf7 31. Qd3+ Ke8 32. Qb5+ Ke7 33. Rxa5 b3
34. cxb3 Rgd8 35. Qc5+ Ke8 36. Qb5+ Kf8 37. Qb6 1-0

[Event "Sd. Almeida 2 x 9 Cb. Charles"]
[Site "http://www.queenalice.com/game.php?id=316771"]
[Date "2007.12.7"]
[Round "-"]
[White "charlao"]
[Black "sd505almeida"]
[Result "0-1"]
[WhiteElo "1503"]
[BlackElo "1162"]

1. e4 Nf6 2. e5 Nd5 3. d4 e6 4. Nc3 Nxc3 5. bxc3 Nc6 6. Nf3 d5 7. Bd3 Be7 8. Bg5
Bxg5 9. Nxg5 Qxg5 10. O-O Bd7 11. Rb1 O-O-O 12. Qc1 Qxc1 13. Rfxc1 Rdf8 14. Bb5
f5 15. exf6 Rxf6 16. Bxc6 Bxc6 17. g3 Rhf8 18. Rb3 Rxf2 19. Ra3 a6 20. Rb1 Rxc2
21. Re1 Rff2 22. Rf1 Rg2+ 23. Kh1 Rxh2+ 24. Kg1 Rhg2+ 25. Kh1 Rh2+ 26. Kg1 Rcg2#
0-1

[Event "AUTO-BEG-163"]
[Site "http://www.queenalice.com/game.php?id=317084"]
[Date "2007.12.8"]
[Round "1"]
[White "kikinou"]
[Black "sd505almeida"]
[Result "0-1"]
[WhiteElo "1563"]
[BlackElo "1204"]

1. e4 e5 2. Nf3 Nf6 3. Bd3 Nc6 4. O-O Ng4 5. Qe2 Nb4 6. Nc3 Bc5 7. Bc4 Bxf2+ 8.
Rxf2 Nxf2 9. Qxf2 O-O 10. Nxe5 Re8 11. Nxf7 Qe7 12. Ng5+ Kh8 13. d4 h6 14. a3
Rf8 15. Qg3 Qf6 16. axb4 hxg5 0-1

[Event "AUTO-BEG-163"]
[Site "http://www.queenalice.com/game.php?id=317085"]
[Date "2007.12.8"]
[Round "1"]
[White "sd505almeida"]
[Black "kikinou"]
[Result "1-0"]
[WhiteElo "1234"]
[BlackElo "1527"]

1. Nf3 d5 2. Ne5 c5 3. c4 Nf6 4. cxd5 Qxd5 5. Nd3 Bf5 6. Qa4+ Nc6 7. Nc3 Qd6 8.
Nb5 Qd7 9. Nxc5 Qc8 10. d3 e5 11. e4 Bd7 12. h4 Bxc5 13. d4 Bxd4 14. Rh3 Bxh3
15. gxh3 Nxe4 16. Bg2 Nc5 17. Qc4 1-0

[Event "AUTO-BEG-163"]
[Site "http://www.queenalice.com/game.php?id=317100"]
[Date "2007.12.8"]
[Round "1"]
[White "sd505almeida"]
[Black "s2"]
[Result "0-1"]
[WhiteElo "1255"]
[BlackElo "1320"]

1. Nf3 c5 2. Ng5 f6 3. Ne4 e5 4. Nxc5 Bxc5 5. e3 Nh6 6. Qh5+ Kf8 7. Bc4 g6 8.
Qxh6+ Ke8 9. Qg7 Rf8 10. Qxh7 g5 11. h4 d5 12. Bb5+ Bd7 13. hxg5 Bxb5 14. g6 d4
15. exd4 Qxd4 16. Kd1 Qxf2 17. g7 Be2# 0-1

[Event "AUTO-BEG-163"]
[Site "http://www.queenalice.com/game.php?id=317101"]
[Date "2007.12.8"]
[Round "1"]
[White "s2"]
[Black "sd505almeida"]
[Result "1-0"]
[WhiteElo "1333"]
[BlackElo "1242"]

1. e4 Nc6 2. c4 Nd4 3. d3 e6 4. b3 Bb4+ 5. Bd2 Qe7 6. a3 a5 7. axb4 axb4 8. Rxa8
Kd8 9. g4 Nf6 10. Bg2 d5 11. Be3 Nc6 12. Nf3 Nxg4 13. Bh3 Nh6 14. Bg5 f6 15.
exd5 fxg5 16. Bxe6 Rf8 17. Rxc8# 1-0

[Event "AUTO-BEG-163"]
[Site "http://www.queenalice.com/game.php?id=317102"]
[Date "2007.12.8"]
[Round "1"]
[White "sd505almeida"]
[Black "rgoncalves"]
[Result "0-1"]
[WhiteElo "1262"]
[BlackElo "1484"]

1. e4 e5 2. Bc4 Nf6 3. d3 c6 4. Bg5 d5 5. exd5 cxd5 6. Bxd5 Qxd5 7. Nc3 Qa5 8.
Nf3 Nc6 9. a3 h6 10. Be3 Be7 11. b4 Qc7 12. d4 exd4 13. Bxd4 O-O 14. Qd3 Re8 15.
Ne5 Nxd4 16. Qxd4 Rd8 17. Qe3 Ng4 18. Nxg4 Bxg4 19. f3 Bg5 20. Qf2 Bd2+ 21. Kd1
Bxc3+ 22. Kc1 Bxa1 23. Re1 Qc3 24. fxg4 Qb2# 0-1

[Event "AUTO-BEG-163"]
[Site "http://www.queenalice.com/game.php?id=317103"]
[Date "2007.12.8"]
[Round "1"]
[White "rgoncalves"]
[Black "sd505almeida"]
[Result "1-0"]
[WhiteElo "1453"]
[BlackElo "1238"]

1. e4 Nc6 2. d4 Nf6 3. d5 Nd4 4. Qxd4 e6 5. Nc3 Qe7 6. e5 exd5 7. Nxd5 Nxd5 8.
Qxd5 c6 9. Qd4 Rb8 10. Qxa7 Qxe5+ 11. Be2 Bd6 12. Nf3 Qd5 13. Qe3+ Kd8 14. O-O
Re8 15. Qd3 Qh5 16. h3 Re6 17. Nd4 Rxe2 18. Nxe2 b5 19. Nf4 Qg5 20. Ne6+ dxe6
21. Bxg5+ f6 22. Qxd6+ Ke8 23. Qxc6+ Bd7 24. Qd6 Rc8 25. Bh4 g5 26. Bg3 f5 27.
Be5 g4 28. hxg4 fxg4 29. Bf6 Kf7 30. Qe7+ Kg8 31. Qg7# 1-0